=LDR 00000nam 2200000 4500 =001 NUTBA000000000002981 =005 20140714130613.0 =006 =007 =008 =020 ##$$a 978-979-1277-36-5 =035 ##$$0010-071400000000169 =040 ##$$a NBPDMAT =082 ##$$a 810 =090 ##$$a 810$bFar b =100 ##$$a Faruk =245 ##$$a Belenggu pasca-kolonial$bhegemoni dan resistensi dalam sastra indonesia$cFaruk =260 ##$$a Yogyakarta$bpustaka Pelajar$c2007. =300 ##$$a x,383 hlm.$c21 cm. =650 ##$$a Kesusastraan Indonesia =850 ##$$a NBPDMAT =990 ##$$a 21306103 =990 ##$$a 21400613/BPAP-NTB/20142014 =990 ##$$a 0001/BPAP-NTB/20142015